[Event "Serpukhov-B"]
[Site "Serpukhov"]
[Date "2002.??.??"]
[Round "6"]
[White "Samarin, Igor Valerievich"]
[Black "Kovanova, Baira"]
[Result "1/2-1/2"]
[WhiteElo "2408"]
[BlackElo "2124"]
[PlyCount "77"]
[EventDate "2002.??.??"]
[EventType "tourn"]
[EventRounds "13"]
[EventCountry "RUS"]
[SourceTitle "EXT 2003"]
[Source "ChessBase"]
[SourceDate "2002.11.25"]
[SourceVersion "1"]
[SourceVersionDate "2002.11.25"]
[SourceQuality "1"]

1. c4 e5 2. Nc3 Nf6 3. Nf3 Nc6 4. e3 Bb4 5. d3 0-0 6. Bd2 d5 7. cxd5 Nxd5 8. Be2 Be6 9. Qc2 Be7 10. a3 f5 11. 0-0 Qe8 12. b4 a6 13. Na4 Qg6 14. Nc5 Bxc5 15. Qxc5 Rad8 16. Bc3 Nxc3 17. Qxc3 e4 18. Ne1 Kh8 19. dxe4 fxe4 20. Bxa6 bxa6 21. Qxc6 Rd2 22. f3 exf3 23. Rxf3 Rxf3 24. Qxf3 h6 25. Rd1 Ra2 26. e4 Bg4 27. Qb3 Qb6+ 28. Kh1 Bxd1 29. Qxa2 Qe3 30. Nf3 Bxf3 31. gxf3 Qxf3+ 32. Kg1 Qxe4 33. Qf7 Qe1+ 34. Kg2 Qe5 35. Qb3 g5 36. Qd3 Qf6 37. Qd7 Qb2+ 38. Kg1 Qc1+ 39. Kg2 1/2-1/2

[Event "Serpukhov-B"]
[Site "Serpukhov"]
[Date "2002.??.??"]
[Round "11"]
[White "Samarin, Igor Valerievich"]
[Black "Skalozubov, Alexander"]
[Result "1/2-1/2"]
[WhiteElo "2408"]
[BlackElo "2264"]
[PlyCount "27"]
[EventDate "2002.??.??"]
[EventType "tourn"]
[EventRounds "13"]
[EventCountry "RUS"]
[SourceTitle "EXT 2003"]
[Source "ChessBase"]
[SourceDate "2002.11.25"]
[SourceVersion "1"]
[SourceVersionDate "2002.11.25"]
[SourceQuality "1"]

1. Nf3 Nf6 2. c4 g6 3. Nc3 Bg7 4. e4 d6 5. d4 0-0 6. Be2 e5 7. 0-0 Nc6 8. d5 Ne7 9. b4 a5 10. Ba3 b6 11. bxa5 Rxa5 12. Bb4 Ra8 13. a4 Re8 14. Nd2 1/2-1/2

[Event "Zeleny Shum-C"]
[Site "Zeleny Shum"]
[Date "2000.??.??"]
[Round "9"]
[White "Denisov, Andrey"]
[Black "Samarin, Igor Valerievich"]
[Result "1/2-1/2"]
[WhiteElo "2194"]
[BlackElo "2406"]
[PlyCount "22"]
[EventDate "2000.??.??"]
[EventType "tourn"]
[EventRounds "11"]
[EventCountry "RUS"]
[EventCategory "3"]
[SourceTitle "EXT 2006"]
[Source "ChessBase"]
[SourceDate "2005.11.24"]
[SourceVersion "1"]
[SourceVersionDate "2005.11.24"]
[SourceQuality "1"]

1. e4 c5 2. Nf3 e6 3. d4 cxd4 4. Nxd4 Nc6 5. Be3 Nf6 6. Nc3 Bb4 7. Ndb5 Nxe4 8. Qg4 Nxc3 9. bxc3 Bf8 10. Qg3 e5 11. Bc4 d6 1/2-1/2

[Event "Zeleny Shum-C"]
[Site "Zeleny Shum"]
[Date "2000.??.??"]
[Round "3"]
[White "Dukhin, Jokhan"]
[Black "Samarin, Igor Valerievich"]
[Result "1/2-1/2"]
[WhiteElo "2135"]
[BlackElo "2406"]
[PlyCount "48"]
[EventDate "2000.??.??"]
[EventType "tourn"]
[EventRounds "11"]
[EventCountry "RUS"]
[EventCategory "3"]
[SourceTitle "EXT 2006"]
[Source "ChessBase"]
[SourceDate "2005.11.24"]
[SourceVersion "1"]
[SourceVersionDate "2005.11.24"]
[SourceQuality "1"]

1. e4 c5 2. Nf3 e6 3. d4 cxd4 4. Nxd4 Nc6 5. Nc3 a6 6. g3 d6 7. Bg2 Bd7 8. 0-0 Nf6 9. Be3 Qc7 10. Qe2 Be7 11. Rad1 b5 12. a3 0-0 13. h3 Rac8 14. g4 Nxd4 15. Rxd4 Bc6 16. g5 Nd7 17. f4 e5 18. Rdd1 exf4 19. Bxf4 Ne5 20. Rf2 Nc4 21. Bc1 Qb8 22. Rd3 Bd8 23. Kh1 Bb6 24. Rf4 Ne5 1/2-1/2

[Event "Voronezh op-A"]
[Site "Voronezh"]
[Date "2000.??.??"]
[Round "8"]
[White "Samarin, Igor Valerievich"]
[Black "Klimentov, Roman"]
[Result "1-0"]
[WhiteElo "2391"]
[BlackElo "2295"]
[PlyCount "89"]
[EventDate "2000.06.??"]
[EventType "swiss"]
[EventRounds "9"]
[EventCountry "RUS"]
[SourceTitle "EXT 2001"]
[Source "ChessBase"]
[SourceDate "2000.11.22"]
[SourceVersion "1"]
[SourceVersionDate "2000.11.22"]
[SourceQuality "1"]

1. Nf3 d5 2. d4 Bf5 3. c4 e6 4. Nc3 c6 5. Qb3 Qb6 6. c5 Qxb3 7. axb3 Na6 8. Bf4 Nb4 9. Kd2 Be7 10. Ra4 a5 11. Bc7 Bd8 12. Bxd8 Kxd8 13. e3 Kc7 14. Be2 Nf6 15. Ne5 Rhf8 16. Rha1 Ne4+ 17. Nxe4 Bxe4 18. f3 f6 19. Ng4 Nc2 20. Rc1 Bf5 21. Rxc2 Bxc2 22. Kxc2 h5 23. Nf2 e5 24. Bd3 exd4 25. Rxd4 Rae8 26. Kd2 Re5 27. Rh4 Rfe8 28. Nd1 g6 29. f4 R5e7 30. Bxg6 Rg8 31. f5 b6 32. cxb6+ Kxb6 33. Nf2 Kc5 34. Ra4 Kb5 35. Rd4 Kc5 36. Nd3+ Kd6 37. b4 axb4 38. Rxb4 Ra7 39. e4 Ra1 40. exd5 Rg1 41. Nf4 cxd5 42. Bxh5 Ke5 43. Bf3 Kxf5 44. Ke2 Re8+ 45. Kf2 1-0

[Event "Zeleny Shum-C"]
[Site "Zeleny Shum"]
[Date "2000.??.??"]
[Round "6"]
[White "Samarin, Igor Valerievich"]
[Black "Nedochetov, Mikhail"]
[Result "1/2-1/2"]
[WhiteElo "2406"]
[BlackElo "2328"]
[PlyCount "33"]
[EventDate "2000.??.??"]
[EventType "tourn"]
[EventRounds "11"]
[EventCountry "RUS"]
[EventCategory "3"]
[SourceTitle "EXT 2006"]
[Source "ChessBase"]
[SourceDate "2005.11.24"]
[SourceVersion "1"]
[SourceVersionDate "2005.11.24"]
[SourceQuality "1"]

1. Nf3 d5 2. d4 Nf6 3. c4 c6 4. Qc2 dxc4 5. Qxc4 Bf5 6. Nc3 e6 7. g3 Nbd7 8. Bg2 Be7 9. 0-0 0-0 10. e3 Ne4 11. Rd1 Nxc3 12. bxc3 Bc2 13. Rd2 Be4 14. Ne1 Bxg2 15. Nxg2 Qa5 16. Rb2 Nb6 17. Qd3 1/2-1/2

[Event "Orel"]
[Site "Orel"]
[Date "1997.??.??"]
[Round "?"]
[White "Kiselev, Sergey"]
[Black "Samarin, Igor Valerievich"]
[Result "1/2-1/2"]
[WhiteElo "2485"]
[BlackElo "2395"]
[PlyCount "29"]
[EventDate "1997.??.??"]
[EventType "tourn"]
[EventRounds "9"]
[EventCountry "RUS"]
[EventCategory "8"]
[SourceTitle "EXT 1999"]
[Source "ChessBase"]
[SourceDate "1998.11.16"]
[SourceVersion "1"]
[SourceVersionDate "1998.11.16"]
[SourceQuality "1"]

1. d4 d5 2. Nf3 c6 3. c4 Nf6 4. Nc3 dxc4 5. a4 Bf5 6. e3 e6 7. Bxc4 Bb4 8. 0-0 Nbd7 9. Nh4 Bg6 10. f4 Nd5 11. Nxg6 hxg6 12. Ne4 a5 13. Ng5 N7b6 14. Bd3 Be7 15. Nf3 1/2-1/2

[Event "Orel"]
[Site "Orel"]
[Date "1997.??.??"]
[Round "?"]
[White "Samarin, Igor Valerievich"]
[Black "Kalugin, Sergei G"]
[Result "1/2-1/2"]
[WhiteElo "2395"]
[BlackElo "2255"]
[PlyCount "26"]
[EventDate "1997.??.??"]
[EventType "tourn"]
[EventRounds "9"]
[EventCountry "RUS"]
[EventCategory "8"]
[SourceTitle "EXT 1999"]
[Source "ChessBase"]
[SourceDate "1998.11.16"]
[SourceVersion "1"]
[SourceVersionDate "1998.11.16"]
[SourceQuality "1"]

1. Nf3 Nf6 2. c4 b6 3. g3 e6 4. Bg2 Bb7 5. d4 Be7 6. Nc3 d5 7. Ne5 0-0 8. 0-0 Qc8 9. cxd5 Nxd5 10. Nxd5 Bxd5 11. Bxd5 exd5 12. Bf4 Qe6 13. Nf3 c5 1/2-1/2

[Event "RUS-chT2"]
[Site "Orel"]
[Date "1996.??.??"]
[Round "?"]
[White "Samarin, Igor Valerievich"]
[Black "Fakhretdinov, Robert"]
[Result "1/2-1/2"]
[WhiteElo "2395"]
[BlackElo "2350"]
[PlyCount "21"]
[EventDate "1996.??.??"]
[EventType "team"]
[EventRounds "9"]
[EventCountry "RUS"]
[SourceTitle "EXT 1999"]
[Source "ChessBase"]
[SourceDate "1998.11.16"]
[SourceVersion "1"]
[SourceVersionDate "1998.11.16"]
[SourceQuality "1"]

1. Nf3 d5 2. d4 e6 3. c4 Nf6 4. g3 c5 5. cxd5 exd5 6. Bg2 Nc6 7. 0-0 Be7 8. dxc5 Bxc5 9. Bg5 0-0 10. Nc3 d4 11. Bxf6 1/2-1/2

[Event "RUS-chT2"]
[Site "Orel"]
[Date "1996.??.??"]
[Round "?"]
[White "Samarin, Igor Valerievich"]
[Black "Mishuchkov, Nikolai Mikhailovic"]
[Result "1-0"]
[WhiteElo "2395"]
[BlackElo "2400"]
[PlyCount "20"]
[EventDate "1996.??.??"]
[EventType "team"]
[EventRounds "9"]
[EventCountry "RUS"]
[SourceTitle "EXT 1999"]
[Source "ChessBase"]
[SourceDate "1998.11.16"]
[SourceVersion "1"]
[SourceVersionDate "1998.11.16"]
[SourceQuality "1"]

1. Nf3 d6 2. d4 g6 3. c4 Bg7 4. Nc3 Nf6 5. e4 Bg4 6. Be2 Nfd7 7. Ng1 Bxe2 8. Ngxe2 c6 9. 0-0 a6 10. Be3 b5 1-0

[Event "RUS-chT2"]
[Site "Bryansk"]
[Date "1995.??.??"]
[Round "7"]
[White "Gagarin, Vasilij"]
[Black "Samarin, Igor Valerievich"]
[Result "1/2-1/2"]
[WhiteElo "2440"]
[BlackElo "2395"]
[PlyCount "46"]
[EventDate "1995.??.??"]
[EventType "team"]
[EventRounds "9"]
[EventCountry "RUS"]
[SourceTitle "EXT 1998"]
[Source "ChessBase"]
[SourceDate "1997.11.17"]
[SourceVersion "1"]
[SourceVersionDate "1997.11.17"]
[SourceQuality "1"]

1. d4 d5 2. c4 c6 3. e3 Nf6 4. Nc3 g6 5. Nf3 Bg7 6. Bd3 0-0 7. 0-0 Bg4 8. h3 Bxf3 9. Qxf3 Qd6 10. Qe2 Nbd7 11. cxd5 cxd5 12. b3 Rfc8 13. Bb2 a6 14. Rfc1 Rc7 15. Rc2 Rac8 16. Rac1 e6 17. Na4 Rxc2 18. Rxc2 Rc6 19. Qd2 Ne8 20. Qc1 Rxc2 21. Qxc2 Qc7 22. Qxc7 Nxc7 23. f3 f5 1/2-1/2